| 000 | 00311 a2200109 4500 | ||
|---|---|---|---|
| 005 | 20251219124157.0 | ||
| 020 | _a9780241187265 | ||
| 100 |
_aKawasaki G. _9215917 |
||
| 245 | _aThe Art Of The Start 2.0: The Time-Tested, Battle-Hardened Guide For Anyone Starting Anything | ||
| 260 |
_bPenguin _c2015 |
||
| 942 | _cAR | ||
| 999 |
_c369451 _d369451 |
||